000 00420 a2200145 4500
005 20250318081629.0
020 _a0-07-084248-5
082 _a380.094 WAT
100 _aWATSON, P.
245 _aThe Organization and Economics of Distribution
260 _aLondon,
_bMcGraw Hill Book Company (UK) Limited,
_c1981.
300 _axii, 192p.: ill.; figure, table,
_bindex,
_c24cm.
700 _aWILLIAMSON, J.
942 _2ddc
_cBKS
999 _c857
_d857